000 00218nam a2200085Ia 4500
245 0 _aJust take my heart
100 _a CLARK HIGGINS, Mary London, 2009
942 _cBK
008 210817s9999 xx 000 0 und d
999 _c280585
_d280584